Pays des Vainqueurs du Tour de France - Statistiques

Statistiques générales
  • Ce quiz a été pris 31 252 fois
    30 647 depuis la dernière actualisation
  • Le résultat moyen est 12 sur 15
Statistiques - réponses
# Dernier vainqueur Année Pays % Correct
36 Bernard Hinault 1985 France
100%
12 Alberto Contador 2009 Espagne
97%
10 Vincenzo Nibali 2014 Italie
96%
6 Geraint Thomas 2018 Royaume-Uni
95%
18 Lucien Van Impe 1976 Belgique
92%
3 Greg LeMond 1990 États-Unis
90%
1 Jan Ullrich 1997 Allemagne
87%
2 Joop Zoetemelk 1980 Pays-Bas
82%
2 Hugo Koblet 1951 Suisse
78%
3 Jonas Vingegaard 2023 Danemark
77%
4 Tadej Pogačar 2025 Slovénie
76%
1 Egan Bernal 2019 Colombie
67%
1 Cadel Evans 2011 Australie
62%
5 Andy Schleck 2010 Luxembourg
61%
1 Stephen Roche 1987 Irlande
59%
Aucun quiz correspondant
Distribution des résultats
% des personnes avec chaque résultat
Percentile par nombre de réponses
Votre historique - résultats
Vous n’avez pas pris ce quiz depuis la dernière actualisation